000 00630nam a22001817a 4500
005 20171026143948.0
010 _aENG-120914
020 _a978950020593
_c495.00
035 _aEN-104446
037 _bDBAD/PUB
082 _a303.4833091724
245 _aICTs community access development :
_cby ITU
_bcase studies from six development countries /
260 _aNew Delhi
_bAakar Books
_c2010
270 _a28E,PKT.IV,Mayur Vihar Phase-I
_bDelhi
_e110091
300 _a219p. :
_c23cm (Hb)
_bill.(maps) (col.)
500 _aIncludes bibliographical references and index
942 _2ddc
_cEN
_h303.4833091724
_mICT
999 _c146868
_d146868